| 000 | 00779cam a2200241 4500 | ||
|---|---|---|---|
| 001 | WB3606-22 | ||
| 008 | 000000n2000 000 0 eng u | ||
| 035 | _a(Sirsi) u104080 | ||
| 245 | _aSquatter's rights | ||
| 260 | _c2000 | ||
| 490 |
_aDaily Telegraph _v5 February 2000, 5(1) |
||
| 520 | _aThe High Court has granted a farmer's widow squatter's rights to more than 57 acres of land in Berkshire, on the grounds that he had farmed it for over 12 years. The owners have been given leave to appeal. | ||
| 590 | _aWB | ||
| 650 | _aSQUATTERS RIGHTS | ||
| 650 | _aFARMING | ||
| 650 | _aDEVELOPMENT POTENTIAL | ||
| 650 | _aGRAZING RIGHTS | ||
| 650 | _aLIMITATION ACT 1980 | ||
| 650 | _aADVERSE POSSESSION | ||
| 650 | _aBERKSHIRE | ||
| 690 | _aPROPERTY | ||
| 942 | _n0 | ||
| 999 |
_c62459 _d62459 |
||